Social protection as the key pillar of social systems in the European Union
Systémy sociálnej ochrany a základné spoločné znaky európskeho sociálneho štátu, ktorý pokrýva významné riziká v živote a je založený na princípe solidarity. Súčasný hospodársky a sociálny rozvoj začal novú etapu rozvoja vnútroštátnych systémov v EÚ, ktoré musia reagovať na problémy v rámci jednotli...
Salvato in:
| Autore principale: | |
|---|---|
| Natura: | Capitolo di libro |
| Lingua: | inglese |
| Soggetti: | |
| Tags: |
Nessun Tag, puoi essere il primo ad aggiungerne!!
|
MARC
| LEADER | 00000nla a2200000 4500 | ||
|---|---|---|---|
| 001 | 0231148 | ||
| 005 | 20240417075120.8 | ||
| 041 | 0 | |a eng | |
| 044 | |a UA | ||
| 245 | 1 | 0 | |a Social protection as the key pillar of social systems in the European Union |c Iveta Dudová |
| 520 | |a Systémy sociálnej ochrany a základné spoločné znaky európskeho sociálneho štátu, ktorý pokrýva významné riziká v živote a je založený na princípe solidarity. Súčasný hospodársky a sociálny rozvoj začal novú etapu rozvoja vnútroštátnych systémov v EÚ, ktoré musia reagovať na problémy v rámci jednotlivých systémov sociálnej ochrany. | ||
| 610 | 2 | 0 | |a Európska únia |
| 610 | 2 | 0 | |a politika sociálna |
| 610 | 2 | 0 | |a systémy sociálne |
| 610 | 2 | 0 | |a ochrana sociálna |
| 610 | 2 | 0 | |a poistenie sociálne |
| 610 | 2 | 0 | |a solidarita |
| 610 | 2 | 0 | |a udalosti sociálne |
| 610 | 2 | 0 | |a riziko |
| 100 | 1 | |a Dudová, Iveta | |